Tax evasion and tax gap estimation in the euro area through monetary money demand method

Väčšina členských štátov EÚ čelí výzve zlepšenia účinnosti výberu daní a zabráneniu daňovým podvodom. Meranie daňových únikov a metodológia odhadu daňových medzier v eurozóne v rokoch 2002 až 2015. Opatrenia zamerané na odstránenie daňových únikov a podvodov v Európskej únii.

Enregistré dans:
Détails bibliographiques
Auteur principal: Schultzová, Anna
Format: Chapitre de livre
Langue:anglais
Sujets:
Tags: Ajouter un tag
Pas de tags, Soyez le premier à ajouter un tag!

MARC

LEADER 00000naa$a2200000$$$4500
001 0222913
005 20240502083553.9
041 0 |a eng 
044 |a BG 
245 1 0 |a Tax evasion and tax gap estimation in the euro area through monetary money demand method  |c Anna Schultzová 
520 |a Väčšina členských štátov EÚ čelí výzve zlepšenia účinnosti výberu daní a zabráneniu daňovým podvodom. Meranie daňových únikov a metodológia odhadu daňových medzier v eurozóne v rokoch 2002 až 2015. Opatrenia zamerané na odstránenie daňových únikov a podvodov v Európskej únii. 
610 2 0 |a Európska únia 
610 2 0 |a systémy daňové 
610 2 0 |a politika daňová 
610 2 0 |a povinnosť daňová 
610 2 0 |a únik daňový 
610 2 0 |a podvody daňové 
610 2 0 |a právo daňové 
100 1 |a Schultzová, Anna